UM Logo

Good to the bone : (Record no. 11762)

MARC details
000 -LEADER
fixed length control field 00656nam a22001697a 4500
003 - CONTROL NUMBER IDENTIFIER
control field OSt
005 - DATE AND TIME OF LATEST TRANSACTION
control field 20181220153525.0
008 - FIXED-LENGTH DATA ELEMENTS--GENERAL INFORMATION
fixed length control field 181220b ||||| |||| 00| 0 eng d
040 ## - CATALOGING SOURCE
Transcribing agency 0
082 ## - DEWEY DECIMAL CLASSIFICATION NUMBER
Classification number DPer 910.5 T69 Apr-June 2015 v. 45, n.4-5f
245 ## - TITLE STATEMENT
Title Good to the bone :
Remainder of title The humble broth does more than soothe the soul /
Statement of responsibility, etc. Recipes and styling by Kathrine Jao ; Photograph by Justin de Jesus ; Text by6 Kristine Ching
260 ## - PUBLICATION, DISTRIBUTION, ETC. (IMPRINT)
Place of publication, distribution, etc. Quezon City, Philippines :
Name of publisher, distributor, etc. ABS-CBN Publishing Inc.,
Date of publication, distribution, etc. cApr-June 2015.
300 ## - PHYSICAL DESCRIPTION
Extent v. 45, n. 2, p. 106-108
Other physical details colored illustrations ;
Dimensions 28 cm.
500 ## - GENERAL NOTE
General note Food
650 ## - SUBJECT ADDED ENTRY--TOPICAL TERM
Topical term or geographic name as entry element Food
Form subdivision Periodical
9 (RLIN) 33440
942 ## - ADDED ENTRY ELEMENTS (KOHA)
Source of classification or shelving scheme Dewey Decimal Classification
Koha item type Periodicals
Holdings
Withdrawn status Lost status Source of classification or shelving scheme Damaged status Not for loan Collection code Home library Current library Date acquired Total Checkouts Full call number Date last seen Price effective from Koha item type Public note
    Dewey Decimal Classification     Periodicals UM Digos College - LIC UM Digos College - LIC 12/20/2018   DPer 910.5 T69 Apr-June 2015 v. 45, n.4-5f 12/20/2018 12/20/2018 Periodicals Periodical article